01474nam a2200337Ia 4500001001200000003000800012006001900020007001500039008004100054020001800095040002100113035002100134050002700155100002100182245018300203246010100386260003900487300002300526490003500549504005100584533015200635630001100787650002900798650004800827650003400875655002900909710001700938830003600955856012600991999001901117ebr10449798CaPaEBRm u cr cn|||||||||110402s2008 enka sb 001 0 eng d z9781847192769 aCaPaEBRcCaPaEBR a(OCoLC)32498963214aQA76.9.C55bF45 2008eb1 aFeilner, Markus.10aScalixh[electronic resource] :bLinux administrator's guide : install, configure, and administer your Scalix Collaboration Platform email and groupware server /cMarkus Feilner.30aInstall, configure, and administer your Scalix Collaboration Platform email and groupware server aBirmingham, U.K. :bPackt,cc2008. avi, 256 p. :bill.1 aFrom technologies to solutions aIncludes bibliographical references and index. aElectronic reproduction.bPalo Alto, Calif. :cebrary,d2011.nAvailable via World Wide Web.nAccess may be limited to ebrary affiliated libraries.00aLinux. 0aClient/server computing. 0aElectronic mail systemsxComputer programs. 0aGroupware (Computer software) 7aElectronic books.2local2 aebrary, Inc. 0aFrom technologies to solutions.40uhttp://site.ebrary.com/lib/rucke/Doc?id=10449798zAn electronic book accessible through the World Wide Web; click to view c248653d248653